| 000 | 00767nam a2200241 a 4500 | ||
|---|---|---|---|
| 001 | BRCA_477 | ||
| 005 | 20190320203028.0 | ||
| 008 | 040427s2004 kyua---##b---#001-0#eng-d | ||
| 020 | _a1574323466 (pbk.) | ||
| 040 |
_aMR0 _cMR0 _dDLC |
||
| 050 | 4 |
_aNK4277 _b.G37 2004 |
|
| 100 | 1 |
_aGaston, Mary Frank _91643 |
|
| 245 | 1 | 0 |
_aGaston´s Blue Willow _bidentification & value guide _cMary Frank Gaston. |
| 250 | _a3 | ||
| 260 |
_aPaducah, Kentucky _bCollector Books _c2004 |
||
| 300 |
_a271 p. _bil. _c28 cm. |
||
| 500 | _aIncluye glosario | ||
| 500 | _aIncluye índice de fabricantes y de objetos | ||
| 504 | _aBibliografía : p. 265-266 | ||
| 650 | 1 | 4 |
_aCerámica _vGuía _xColeccionistas y colecciones _91644 |
| 650 | 1 | 4 |
_aCerámica _vGuía _xMarcas _91645 |
| 942 |
_2lcc _cB |
||
| 999 |
_c412 _d412 |
||